000 02339nam a2200229Ia 4500
003 Ost
005 20260507075258.0
008 260507s9999||||xx |||||||||||||| ||und||
020 _a2113328977
040 _cfsecg
041 _aara
082 _a330
100 _aبدوي، محمد عباس
_eمؤلف
245 0 _aالمحاسبة الضريبية بين النظرية و التطبيق /
_c محمد عباس بدوي
260 _aالاسكندرية:
_bدار الجامعة الجديدة,
_c2005
300 _a934 صفحة؛
_bإيضاحات ؛
_c24 سم
520 _aالمحاور الاساسية التحاسب عن الضريبة الموضوعية للدخل و اعتبارات تحديد ايرادات النشاط التجاري و الصناعي و شروط خضوعها للضريبة و نطاق ايرادات النشاط التجاري و الصناعي الخاضعة للضريبة ، الاسس العامة لقياس الربح الضريبي و قياس الربح الضريبي للنشاط التجاري و الصناعي (الايرادات الخاضعة للضريبة و التكاليف و المبالغ الواجبة الخصم ، تحديد ما يدخل في وعاء الضريبة الموحدة من أرباح النشاط التجاري و الصناعي مع الخصم و الاضافة و التحصيل لحساب الضريبة ، اعتبارات تحديد ايرادات نشاطالمهنغير التجارية و شروط خضوعها للضريبة و قياس الربح الضريبي لنشاط المهن غير التجارية و التزامات الممولين و الخصم و التحصيل لحساب الضريبة ، التحاسب الضريبة عن ايرادات الاراضي الزراعية و العقارات المبنية و التحصيل لحساب الضريبة و استنزال الضريبة العقارية ، التحاسب الضريبي عن ايرادات رؤوس الاموال المنقولة و عن المرتبات و مافي حكمها ، التحاسب الضريبي عن أرباح شركات الاموال و التحاسب عن الضريبة العامة على المبيعات .
653 _aالضريبة
653 _aالضريبة على الدخل
653 _aالمحاسبة
942 _cكتاب
999 _c43777
_d43777